Samotín /

Hlavní autor: Fikar, Ladislav, 1920-1975
Další autoři: Hudeček, František, 1909-1990, Hurník, Ilja, 1922-2013
Jazyk: Čeština
Vydáno: V Praze : Mladá fronta, 1945
Edice: Boje
Externí odkaz: Digitalizovaný dokument
Fyzický popis: 95, [III] s. : il. ; 8°
Knihy
Uloženo v:
LEADER 00923nam a22002652a 4500
001 000236480
003 CZ BrMZK
005 20240913080943.0
007 ta
008 950101s1945 xr a f cze d
015 |a cnb000498665 
035 |a (OCoLC)38688841 
040 |a ABA001  |b cze  |c ABA001  |d ABA001  |d BOA001 
100 1 |a Fikar, Ladislav,  |d 1920-1975  |7 jk01031107  |4 aut 
245 1 0 |a Samotín /  |c Ladislav Fikar ; s kresbami Františka Hudečka ; preludium Ilja Hurník 
260 |a V Praze :  |b Mladá fronta,  |c 1945 
300 |a 95, [III] s. :  |b il. ;  |c 8° 
490 1 |a Boje ;  |v sv. 6 
700 1 |a Hudeček, František,  |d 1909-1990  |7 jk01043203  |4 ill 
700 1 |a Hurník, Ilja,  |d 1922-2013  |7 jn19990209280  |4 wfw 
830 0 |a Boje  |0 s 
856 4 1 |u http://www.digitalniknihovna.cz/mzk/uuid/uuid:e1d19400-252e-11e5-855a-5ef3fc9ae867  |y Digitalizovaný dokument  |x NDK 
910 |a BOA001  |b 2-0180.532,6 
990 |a BK 
991 |b 201101